| 000 | 00778nam a2200229 i 4500 | ||
|---|---|---|---|
| 001 | 73958 | ||
| 003 | ES-MaACL | ||
| 005 | 20231221153153.0 | ||
| 007 | t| | ||
| 008 | 040914s1978 sp a |||| | spa d | ||
| 020 | _a84-229-6019-2 | ||
| 100 | 1 |
_aGonzález Márquez, Felipe, _d1942- _958780 |
|
| 245 | 1 | 0 |
_aEspaña y su futuro / _cFelipe González Márquez ; prólogo de Alfonso Guerra. |
| 260 |
_aMadrid : _bCuadernos para el Diálogo, _c[1978] |
||
| 300 |
_a95 p. : _bil. ; _c21 cm. |
||
| 610 | 2 | 4 |
_aPartido Socialista Obrero Español. _96155 |
| 651 | 4 |
_aEspaña- _xHistoria- _y1975-1982, Transición. _9149272 |
|
| 700 | 1 |
_aGuerra, Alfonso, _d1940- _960479 |
|
| 710 | 2 |
_aCuadernos para el Diálogo. _93333 |
|
| 852 |
_aES-MaACL _jA-8455 |
||
| 999 |
_c73958 _d73958 |
||